New liquid processing system for making silicone rubber parts (Record no. 63842)

MARC details
000 -LEADER
fixed length control field 00387nam a2200121Ia 4500
100 ## - MAIN ENTRY--AUTHOR NAME
Personal name Hays W R
245 #0 - TITLE STATEMENT
Title New liquid processing system for making silicone rubber parts
260 ## - PUBLICATION, DISTRIBUTION, ETC. (IMPRINT)
Name of publisher Proceedings of the International Rubber Conference, Venice, 1979; p821-827
650 ## - SUBJECT ADDED ENTRY--TOPICAL TERM
Topical Term Liquid processing
650 ## - SUBJECT ADDED ENTRY--TOPICAL TERM
Topical Term Silicone rubber
942 ## - ADDED ENTRY ELEMENTS (KOHA)
Koha item type Journals
Holdings
Withdrawn status Lost status Damaged status Not for loan Home library Current library Shelving location Date acquired Koha item type
      Journals RRII Library RRII Library Rubber chemistry 17/12/2021 Journals